Culture Générale - Série 2608 - Statistiques

Statistiques générales
  • Ce quiz a été pris 140 fois
  • Le résultat moyen est 5 sur 10
Statistiques - réponses
Question Réponse % Correct
Quel est le prénom du physicien à qui l'on doit la formule "E=mc²" ? Albert
92%
En quelle année a eu lieu l'attaque japonaise sur Pearl Harbor ? 1941
86%
En quelle année a eu lieu le festival rock de Woodstock ? 1969
69%
De quel pays Mascate est-elle la capitale ? Oman
55%
En quelle année fut proclamée l'indépendance de l'Inde ? 1947
51%
Qui a été le dernier Président de la IVème République française ? prénom et nom René Coty
46%
Bande de cuir ou d'étoffe qui passe d'une épaule au côté opposé du corps pour soutenir qqch - 11 lettres commençant par " b " bandoulière
39%
Comment appelle-t-on les vaches du Cantal ? Salers
27%
Quel général français a lancé l'offensive meurtrière du Chemin des Dames en 1917 ? Nivelle
8%
Qui a écrit en 1954 le roman intitulé "Le mépris" ? prénom et nom Alberto Moravia
5%
Aucun quiz correspondant
Distribution des résultats
% des personnes avec chaque résultat
Percentile par nombre de réponses
Votre historique - résultats
Vous n’avez pas pris ce quiz